000 00198 a2200109 4500
020 _a9788499290003
041 _aspa
100 _aAnonimo
245 _aIn guide Berlin
942 _cBK
952 _71
999 _c22612
_d22612